000 00556nam a2200181Ia 4500
005 20250508151225.0
008 008 250505s9999 xx 000 0 eng d
037 _aTextual
040 _aFEDL
_beng
_cFEDL
041 _aeng
_2eng
084 _a907, LAU
_qFEDL
100 _aLauwerys J A
_9630733
245 0 _aHistory textbooks and international understanding
260 _aParis, France
_bUnited Nations Educational, Scientific and Cultural Organization
_c1953
300 _a84p
942 _cTEXL
_h907, LAU
999 _c1328324
_d1328324